000 00434nam a22001577a 4500
003 PILC
005 20150610092346.0
008 131018t xxu||||| |||| 00| 0 eng d
020 _a9781844792429
050 _aLB 2342
_b.H638 2005
245 _aHigher national in business /
260 _aEdinburgh :
_bPearson Custom Publishing,
_c2005.
300 _a258 pages :
_c33 cm.
_billustrations ;
650 _aBusiness.
942 _2lcc
_cBK
999 _c286443
_d286443